00772nam a22002177a 4500003000500000005001700005008004100022010001000063011001100073035001100084040000900095100002100104245017400125260003800299300002200337502007000359650003700429650003700466650004200503650000900545CHAP20220329143613.0100826s2009 mx r 00010 spa d a99152 a100124 a110810 cCHAP1 aRomano, Patricia10aPolíticas de lenguaje y educación :baprendisaje del idioma inglés en la Universidad Autónoma Chapingo en los primeros años del siglo XXIc/por Patricia Romano aMéxico, D.F. :bEl autor,c2009 a343 h. :bcuadros aTesis (Ph. D. en Ciencias Sociales) -- Universidad Iberoamericana14aInglésxEstudio y enseñanza.14aLenguajexEstudio y enseñanza.14aPolítica educativaxMéxico (Edo.)14aUACH